Management: (Record no. 3983)
[ view plain ]
| 000 -LEADER | |
|---|---|
| fixed length control field | 00749nam a22002417a 4500 |
| 003 - CONTROL NUMBER IDENTIFIER | |
| control field | OSt |
| 005 - DATE AND TIME OF LATEST TRANSACTION | |
| control field | 20160820142434.0 |
| 008 - FIXED-LENGTH DATA ELEMENTS--GENERAL INFORMATION | |
| fixed length control field | 160820b xxu||||| |||| 00| 0 eng d |
| 020 ## - INTERNATIONAL STANDARD BOOK NUMBER | |
| International Standard Book Number | 978-0-07-066019-9 |
| 040 ## - CATALOGING SOURCE | |
| Transcribing agency | LIC |
| 082 ## - DEWEY DECIMAL CLASSIFICATION NUMBER | |
| Edition number | 2008 |
| Classification number | DC 658 |
| Item number | W43 |
| 100 ## - MAIN ENTRY--PERSONAL NAME | |
| 9 (RLIN) | 13313 |
| Personal name | Weihrich, Heinz |
| 245 ## - TITLE STATEMENT | |
| Title | Management: |
| Remainder of title | a global and entrepreneurial perspective/ |
| Statement of responsibility, etc. | Heinz Weihrich...[and two others] |
| 250 ## - EDITION STATEMENT | |
| Edition statement | Twelfth Edition |
| 260 ## - PUBLICATION, DISTRIBUTION, ETC. (IMPRINT) | |
| Place of publication, distribution, etc. | New Delhi: |
| Name of publisher, distributor, etc. | McGraw-Hill Publishing Company, Limited, |
| Date of publication, distribution, etc. | c2008. |
| 300 ## - PHYSICAL DESCRIPTION | |
| Extent | xxxvii, 527 pages: |
| Other physical details | illustrations; |
| Dimensions | 23 cm. |
| 365 ## - TRADE PRICE | |
| Price amount | 695.00 |
| Currency code | Php |
| 500 ## - GENERAL NOTE | |
| General note | Includes index. |
| 650 #0 - SUBJECT ADDED ENTRY--TOPICAL TERM | |
| 9 (RLIN) | 13314 |
| Topical term or geographic name as entry element | Management |
| 700 ## - ADDED ENTRY--PERSONAL NAME | |
| 9 (RLIN) | 13316 |
| Personal name | Cannice, Mark V. |
| 700 ## - ADDED ENTRY--PERSONAL NAME | |
| 9 (RLIN) | 13317 |
| Personal name | Koontz, Harold |
| 942 ## - ADDED ENTRY ELEMENTS (KOHA) | |
| Source of classification or shelving scheme | Dewey Decimal Classification |
| Koha item type | Circulation |
| Withdrawn status | Lost status | Source of classification or shelving scheme | Damaged status | Not for loan | Collection code | Home library | Current library | Date acquired | Source of acquisition | Total Checkouts | Full call number | Barcode | Date last seen | Cost, replacement price | Price effective from | Koha item type |
|---|---|---|---|---|---|---|---|---|---|---|---|---|---|---|---|---|
| Dewey Decimal Classification | Circulation | UM Digos College - LIC | UM Digos College - LIC | 09/24/2010 | Purchased | DC 658 W43 2008 | 20970 | 05/15/2025 | 695.00 | 08/20/2016 | Circulation |
